[Event "56th TCh-DEN Ex 2017-18"]
[Site "Denmark DEN"]
[Date "2018.03.11"]
[Round "9.4"]
[Board "6"]
[White "Jaksland, Tim"]
[Black "Reinecker, Kai"]
[Result "1/2-1/2"]
[WhiteTitle "FM"]
[WhiteElo "2168"]
[BlackElo "2254"]
[WhiteTeam "Hillerod"]
[BlackTeam "BOV"]
[WhiteFideId "1401084"]
[BlackFideId "4663390"]
[EventDate "2017.11.18"]

1. Nf3 Nf6 2. c4 e6 3. g3 d5 4. Bg2 Be7 5. O-O O-O 6. b3 c5 7. Bb2 Nc6 8. e3 b6
9. Nc3 Bb7 10. cxd5 exd5 11. d4 Re8 12. Re1 Qd7 13. Ne5 Qe6 14. Nb5 Rec8 15. Nd3
a6 16. Nf4 Qd7 17. Nc3 cxd4 18. Ncxd5 Nxd5 19. Nxd5 Bd8 20. exd4 Ne7 21. Rxe7
Bxe7 22. Nxb6 Qb5 23. Bxb7 Qxb6 24. Bxa8 Rxa8 25. Qe2 Bf6 26. d5 Rd8 27. Bxf6
Qxf6 28. Rd1 g6 29. Qc4 h5 30. h4 Rd6 31. Qd4 Qd8 32. Kg2 Qd7 33. Rd2 Qf5 34.
Qc4 g5 35. hxg5 Qxg5 36. Rd3 Qf5 37. Rd2 Qg5 38. Qd4 Qf5 39. b4 Qg5 40. a4 h4
41. Qf4 Rxd5 42. Qxg5+ Rxg5 43. Rb2 hxg3 44. fxg3 Rg6 45. b5 axb5 46. axb5 Rb6
47. Kf3 Kf8 48. Ke4 Ke7 49. Kd5 Kd7 50. Kc5 Rg6 51. Rb3 Kc7 52. Kd5 Rf6 53. Ke5
Rf1 54. b6+ Kb7 55. Rb4 Rf3 56. g4 f6+ 57. Ke6 Rf1 58. Rb5 Rf4 59. Rf5 Rxg4 60.
Rxf6 Rb4 61. Kd5 Rxb6 62. Rxb6+ Kxb6 1/2-1/2

[Event "56th TCh-DEN Ex 2017-18"]
[Site "Denmark DEN"]
[Date "2018.03.11"]
[Round "9.4"]
[Board "7"]
[White "Junge, Kai"]
[Black "Nordenbaek, Jan"]
[Result "0-1"]
[WhiteElo "2212"]
[BlackElo "2194"]
[WhiteTeam "BOV"]
[BlackTeam "Hillerod"]
[WhiteFideId "4605454"]
[BlackFideId "1401475"]
[EventDate "2017.11.18"]

1. Nf3 d5 2. g3 c6 3. Bg2 Bg4 4. O-O Nd7 5. d3 e6 6. Nbd2 Bd6 7. h3 Bh5 8. Qe1
Ne7 9. e4 O-O 10. Nh2 Qb6 11. Kh1 Rae8 12. f4 Qc5 13. g4 Bg6 14. Qd1 f6 15. a4
a5 16. h4 Bc7 17. Nb3 Qa7 18. Qe2 Kh8 19. Bd2 c5 20. Qf2 b6 21. Rae1 Qb8 22. h5
Bf7 23. Qh4 h6 24. Nc1 Nc6 25. Ne2 Bd8 26. Qh3 Nb4 27. Rc1 Na2 28. Ra1 Nb4 29.
Rac1 Na2 30. Ra1 Nb4 31. c3 Nc6 32. Nf3 c4 33. dxc4 dxe4 34. Nh4 Nc5 35. Be3 f5
36. Ng6+ Bxg6 37. hxg6 Rf6 38. Qh5 Ne7 39. Bh3 fxg4 40. Bxg4 Nf5 41. Bxf5 Rxf5
42. Qh3 Nd3 43. Qg2 Nxb2 44. Ng3 Nxc4 45. Nxf5 exf5 46. Bd4 Qc8 47. Qh3 Kg8 48.
Ra2 Qe6 49. Rg2 Bf6 50. Bxf6 Qxf6 51. Rg5 Ne3 52. Rfg1 Ng4 53. R5xg4 fxg4 54.
Qxg4 e3 55. Qd7 Rd8 56. Qc7 Qh4+ 57. Kg2 Qg4+ 0-1

[Event "56th TCh-DEN Ex 2017-18"]
[Site "Denmark DEN"]
[Date "2018.03.11"]
[Round "9.4"]
[Board "8"]
[White "Svendsen, Peter Willer"]
[Black "Wolter, Jens"]
[Result "0-1"]
[WhiteElo "1988"]
[BlackElo "2152"]
[WhiteTeam "Hillerod"]
[BlackTeam "BOV"]
[WhiteFideId "1405250"]
[BlackFideId "4698185"]
[EventDate "2017.11.18"]

1. e4 c5 2. Nf3 g6 3. d4 Bg7 4. d5 d6 5. Bb5+ Nd7 6. a4 Nf6 7. Nbd2 O-O 8. O-O
Rb8 9. Re1 Qc7 10. Bf1 b6 11. Nc4 a6 12. e5 dxe5 13. Nfxe5 Nxe5 14. Nxe5 Bb7 15.
Nc6 Rbe8 16. c4 e6 17. Bg5 exd5 18. Bxf6 Bxf6 19. cxd5 Bxb2 20. Rb1 Rxe1 21.
Qxe1 Bf6 22. Qe4 Kg7 23. g3 Bc8 24. Rd1 Qd6 25. h4 h5 26. Bc4 Bd7 27. Qb1 Bxc6
28. dxc6 Qxc6 29. Bxa6 Qxa4 30. Bb5 Qg4 31. Kh2 Qf3 32. Qc2 Bd4 33. Rd2 Ra8 34.
Bc6 Qxc6 35. Rxd4 Ra1 36. Rd1 Rxd1 37. Qxd1 Qf6 38. Qc2 Qd4 39. f4 c4 40. Qe2 c3
41. Kh3 Qd7+ 0-1

[Event "56th TCh-DEN Ex 2017-18"]
[Site "Denmark DEN"]
[Date "2018.03.11"]
[Round "9.5"]
[Board "1"]
[White "Pedersen, Jan1"]
[Black "Hector, Jonny"]
[Result "0-1"]
[WhiteTitle "IM"]
[BlackTitle "GM"]
[WhiteElo "2396"]
[BlackElo "2493"]
[WhiteTeam "SK1968"]
[BlackTeam "Nordkalotten"]
[WhiteFideId "1401963"]
[BlackFideId "1700090"]
[EventDate "2017.11.18"]

1. e4 e5 2. Nc3 Nc6 3. g3 f5 4. exf5 Nf6 5. Bg2 d5 6. d3 Bxf5 7. Bg5 Be6 8. Nge2
Bc5 9. O-O a6 10. Na4 Ba7 11. Be3 d4 12. Bg5 Bd5 13. b3 Bxg2 14. Kxg2 O-O 15. f3
h6 16. Bxf6 Rxf6 17. Qd2 Ne7 18. Nb2 Nd5 19. Nd1 Bc5 20. c4 dxc3 21. Nexc3 Bd4
22. Rc1 Rf7 23. Nxd5 Qxd5 24. Nc3 Qe6 25. Ne4 Rd8 26. Qe2 a5 27. Rc2 Bb6 28. Rd1
Rd5 29. Nc3 Rd4 30. Nb5 Rd8 31. Nc3 c6 32. Ne4 Bd4 33. Rc4 Qg6 34. g4 Rd5 35.
Rc2 Rfd7 36. h3 Bb6 37. Kg3 Qf7 38. Kg2 Rd8 39. Nc3 Rd4 40. Ne4 a4 41. Rc4 axb3
42. axb3 R4d7 43. Nc5 Rd5 44. b4 Ra8 45. Rd2 Ra3 46. Qe4 Ba7 47. Qe2 b5 48. Re4
Bxc5 49. bxc5 Rxc5 50. Rxe5 Rxe5 51. Qxe5 b4 52. Qb8+ Qf8 53. Qxf8+ Kxf8 54. f4
c5 55. Kf2 Ke7 56. Rc2 Kd6 57. Ke3 Kd5 58. h4 b3 59. Rb2 c4 60. dxc4+ Kxc4 61.
Ke4 Kc3 62. Rb1 Kc2 63. Rg1 b2 64. Kf5 Ra6 65. g5 g6+ 66. Ke5 hxg5 0-1

[Event "56th TCh-DEN Ex 2017-18"]
[Site "Denmark DEN"]
[Date "2018.03.11"]
[Round "9.5"]
[Board "2"]
[White "Brynell, Stellan"]
[Black "Matthiesen, Martin"]
[Result "1/2-1/2"]
[WhiteTitle "GM"]
[BlackTitle "FM"]
[WhiteElo "2411"]
[BlackElo "2307"]
[WhiteTeam "Nordkalotten"]
[BlackTeam "SK1968"]
[WhiteFideId "1700219"]
[BlackFideId "1404067"]
[EventDate "2017.11.18"]

1. Nf3 c5 2. c4 Nc6 3. b3 Nf6 4. Bb2 e6 5. g3 Be7 6. Bg2 O-O 7. O-O d5 8. cxd5
Nxd5 9. Nc3 Nxc3 10. Bxc3 Rb8 11. Rc1 b6 12. d4 Bb7 13. dxc5 bxc5 14. Ne5 Nxe5
15. Bxe5 Bxg2 16. Kxg2 Rc8 17. Qxd8 Rfxd8 18. Bf4 Rc6 19. Rfd1 Rxd1 20. Rxd1 Kf8
21. Rd7 Ra6 22. Rd2 Ke8 23. Kf3 h5 24. h4 Ra3 25. Ke4 a5 26. Kd3 a4 27. Kc4 axb3
28. axb3 Ra6 29. Kb5 Ra7 30. Rd3 Ra2 31. Bd2 Rc2 32. e4 g6 33. Be3 f5 34. exf5
gxf5 35. Bg5 Rxf2 36. Bxe7 Kxe7 37. Kxc5 e5 38. Kd5 e4 39. Rc3 Rf3 40. Rc7+ Kd8
41. Rh7 Rxb3 42. Rxh5 e3 43. Rh8+ Ke7 44. Rh7+ Kf6 45. Rh6+ Kg7 46. Ra6 Rd3+ 47.
Kc4 e2 48. Re6 Rxg3 49. Rxe2 Kf6 50. Kd4 Rh3 51. Re8 Rh1 52. Rf8+ Ke6 53. Ke3
Rxh4 1/2-1/2

[Event "56th TCh-DEN Ex 2017-18"]
[Site "Denmark DEN"]
[Date "2018.03.11"]
[Round "9.5"]
[Board "3"]
[White "Rewitz, Poul"]
[Black "Sylvan, Jacob"]
[Result "1/2-1/2"]
[WhiteTitle "FM"]
[BlackTitle "FM"]
[WhiteElo "2308"]
[BlackElo "2360"]
[WhiteTeam "SK1968"]
[BlackTeam "Nordkalotten"]
[WhiteFideId "1401033"]
[BlackFideId "1402137"]
[EventDate "2017.11.18"]

1. b3 e5 2. Bb2 Nc6 3. e3 Nf6 4. Bb5 Bd6 5. Na3 Na5 6. Be2 a6 7. c4 O-O 8. Nc2
Re8 9. Nf3 Nc6 10. O-O Bf8 11. d4 e4 12. Ne5 Ne7 13. d5 d6 14. Ng4 Nxg4 15. Bxg4
Ng6 16. a4 1/2-1/2

[Event "56th TCh-DEN Ex 2017-18"]
[Site "Denmark DEN"]
[Date "2018.03.11"]
[Round "9.5"]
[Board "5"]
[White "Matthiesen, Arne"]
[Black "Hove, Esben Kjems"]
[Result "1/2-1/2"]
[WhiteTitle "FM"]
[BlackTitle "FM"]
[WhiteElo "2300"]
[BlackElo "2325"]
[WhiteTeam "SK1968"]
[BlackTeam "Nordkalotten"]
[WhiteFideId "1403524"]
[BlackFideId "1401505"]
[EventDate "2017.11.18"]

1. c4 Nf6 2. Nc3 e5 3. g3 d6 4. Bg2 Be7 5. Nf3 c6 6. O-O O-O 7. d3 Nbd7 8. b4 d5
9. b5 Qa5 10. Bd2 Bb4 11. bxc6 bxc6 12. Qc2 d4 13. Nb1 Rb8 14. Bxb4 Rxb4 15.
Nbd2 Ba6 16. Nb3 Qc7 17. Qd2 1/2-1/2

[Event "56th TCh-DEN Ex 2017-18"]
[Site "Denmark DEN"]
[Date "2018.03.11"]
[Round "9.5"]
[Board "6"]
[White "Pedersen, Daniel Vesterbaek"]
[Black "Bank, Pelle"]
[Result "1/2-1/2"]
[WhiteTitle "FM"]
[WhiteElo "2200"]
[BlackElo "2283"]
[WhiteTeam "Nordkalotten"]
[BlackTeam "SK1968"]
[WhiteFideId "1402161"]
[BlackFideId "1402889"]
[EventDate "2017.11.18"]

1. Nf3 b6 2. g3 Bb7 3. Bg2 e5 4. d3 d6 5. e4 g6 6. d4 exd4 7. Qxd4 Nf6 8. Bg5
Nbd7 9. Bh3 Bg7 10. Bxd7+ Kxd7 11. O-O h6 12. Bf4 Nh5 13. Be5 f6 14. Bxd6 cxd6
15. Rd1 Ke7 16. Nc3 Qd7 17. Nh4 1/2-1/2

[Event "56th TCh-DEN Ex 2017-18"]
[Site "Denmark DEN"]
[Date "2018.03.11"]
[Round "9.5"]
[Board "7"]
[White "Hansen, Lars"]
[Black "Jakobsen, Peter"]
[Result "1/2-1/2"]
[BlackTitle "FM"]
[WhiteElo "2243"]
[BlackElo "2182"]
[WhiteTeam "SK1968"]
[BlackTeam "Nordkalotten"]
[WhiteFideId "1402528"]
[BlackFideId "1401440"]
[EventDate "2017.11.18"]

1. e4 c5 2. Nc3 Nc6 3. f4 g6 4. Nf3 Bg7 5. Bb5 Nd4 6. O-O Nxb5 7. Nxb5 d5 8.
exd5 a6 9. Nc3 Nf6 10. d4 c4 11. Ne5 Nxd5 12. Qf3 Be6 13. Ne4 O-O 14. c3 b5 15.
Ng5 Qd6 16. Bd2 f6 17. Nxe6 Qxe6 18. Ng4 f5 19. Ne5 Bxe5 1/2-1/2

[Event "56th TCh-DEN Ex 2017-18"]
[Site "Denmark DEN"]
[Date "2018.03.11"]
[Round "9.5"]
[Board "8"]
[White "Ejsing, Esben"]
[Black "Heiny, Johannes"]
[Result "0-1"]
[BlackTitle "FM"]
[WhiteElo "2161"]
[BlackElo "2245"]
[WhiteTeam "Nordkalotten"]
[BlackTeam "SK1968"]
[WhiteFideId "1418572"]
[BlackFideId "1616617"]
[EventDate "2017.11.18"]

1. d4 Nf6 2. Nf3 g6 3. g3 Bg7 4. Bg2 c5 5. c4 Qa5+ 6. Nbd2 O-O 7. O-O d6 8. Re1
Nbd7 9. d5 b5 10. e4 Ng4 11. cxb5 Qxb5 12. Bf1 Qb8 13. Qc2 Nde5 14. Nxe5 Nxe5
15. f4 Ng4 16. Nc4 e6 17. dxe6 Bxe6 18. h3 Bd4+ 19. Kg2 Nf6 20. Kh2 d5 21. exd5
Nxd5 22. Bd2 Qc7 23. Ne3 Rab8 24. Nxd5 Bxd5 25. Bc3 Qb6 26. b3 Rfe8 27. Rxe8+
Rxe8 28. Re1 Rxe1 29. Bxe1 c4 30. h4 Bg1+ 0-1